|
|
|
|
| LEADER |
00000nab a2200000 a 4500 |
| 001 |
vtls000791657 |
| 003 |
SK-MaSNL |
| 005 |
20260303221857.0 |
| 008 |
040806c2002 xo 0 slo |
| 015 |
|
|
|a SNBRB2002/04-12818
|
| 035 |
|
|
|a CLN000143312
|
| 040 |
|
|
|a SNKBUCL
|b slo
|c SNKBUCL
|e AACR2
|
| 041 |
0 |
|
|a slo
|
| 044 |
|
|
|a xo
|c SK
|
| 080 |
|
|
|a 654:061.5(437.6)
|2 UDC-MRF-SK2
|
| 100 |
1 |
|
|a Galera Matúšová, Jana,
|d 1980-
|4 ain
|9 159184
|
| 245 |
1 |
0 |
|a Chceme za každú cenu tretieho hráča?
|b Ladislav Mikuš, prezident akciovej spoločnosti Slovenské telekomunikácie
|c s hosťom Slova sa zhovárajú Jana Matúšová a Martina Pavlíková
|
| 300 |
|
|
|b Fotogr.
|
| 504 |
|
|
|a Biogr. údaje
|
| 610 |
2 |
7 |
|a Slovenské telekomunikácie
|2 snkbucl
|9 34177
|
| 655 |
|
7 |
|a články z novín a časopisov
|2 snkbucl
|9 267496
|
| 700 |
1 |
|
|a Pavlíková, Martina
|4 aut
|4 ain
|9 418762
|
| 700 |
1 |
|
|a Mikuš, Ladislav,
|d 1954-
|4 aut
|4 uin
|9 1255798
|
| 773 |
0 |
|
|x 1335-468X
|t Slovo. Politicko-spoločenský týždenník
|g Roč. 4, č. 16 (2002), s. 5
|
| 850 |
|
|
|a Slovenská národná knižnica v Martine
|
| 852 |
|
|
|a SNK
|b KIS3GCP
|
| 999 |
|
|
|c 2236713
|d 2238643
|